000 01058 a2200325 4500
001 4927130
003 0000
005 20251016160305.0
008 951005s1996 cauab b 001 0 eng
010 _a 95045572
020 _a9780321536167
035 _a4927130
040 _aDLC
_cDLC
_dDLC
_erda
050 0 0 _aQH 308.2 .B565
082 0 0 _a574
_220
100 1 _aCampbell, Neil A.,
_d1946-2004.
245 1 0 _aBiology /
_cNeil A. Campbell.
250 _a8th ed.
264 _aSan Francisco
_bPearson
_c2008
300 _a1 v. (various pagings) :
_bill. (some col.), col. maps ;
_c29 cm.
336 _atext
_btxt
_2rdacontent
337 _aunmediated
_bn
_2rdamedia
338 _avolume
_bnc
_2rdacarrier
504 _aIncludes bibliographical references and index.
650 0 _aBiology.
906 _a7
_bcbc
_corignew
_d1
_eocip
_f19
_gy-gencatlg
942 _2lcc
_cBK
999 _c43854
_d43854